000 00294nam a2200133Ia 4500
008 231129s1964||||xx |||||||||||||| ||spa||
040 _bspa
082 _aE863 R934u
100 _aRuiz Roberto
245 0 _aEl ultimo oasis
260 _c1964
264 _aJoaquin Mortiz
942 _2ddc
_cBKS
999 _c12614
_d12614